000 00592nam a2200181Ia 4500
008 090123s9999 xx 000 0 und d
082 _b17140
_a891.463/रायक
100 _aरायकर प्रतिभा
245 _aसहज जिंकी मना
250 _a1
260 _bप्रिया प्रकाशन
_c1989
300 _a195
600 _aरायकर प्रतिभा
630 _aसहज जिंकी मना
700 _aरायकर प्रतिभा
730 _aसहज जिंकी मना
942 _cBOOK
999 _c55200
_d55200